00928nam a2200217 a 4500003000200000005001700002008004100019050003000060100002900090245013700119260009200256300004000348504004100388650002400429650001700453650003600470650004300506942001400549999001700563952013000580020250423085009.0970114s19uu xx 00 eng d aPGS HQ 755.8 b.M578 2003 aMesina, Bryan Vincent Q. aAdvantages and disadvantages of big families among selected students of Southville International School /cBryan Vincent Q. Mesina. aLas Piñas City, Philippines : bSouthville International School and Colleges,c2003. a39 pages :billustrations ;c28 cm. aIncludes bibliographical references. aLarge families.  aFamily size. aChildrenvFamily relationships. aElementary school studentsvAttitudes. 2lcccPASS c96892d96892 00102lcc40aLUXbLUXcPASSd2003-05-19eDONATIONl0oPGS HQ 755.8 .M578 2003pP0889r2014-04-08 00:00:00w2014-04-08yPASS